000 00447nab a2200145Ia 4500
003 ES-SlBCS
005 20210601130625.0
008 140529s1980 xxu||||| |||| 00| 0 fre d
041 _afre
100 1 _aChanteur, Janine
_9175060
245 0 0 _aDésir et communauté politique selon Jean-Jacques Rousseau
_c Janine Chanteur
600 1 4 _aRousseau
_916777
773 0 _tLes Etudes Philosophiques
_gnº. 2, 1980, págs. 130-144
_wRev1449
942 _cAR
999 _c549670
_d549670